000 00188 a2200097 4500
020 _a9788440633231
041 _aspa
100 _aDebbie Mackinnon
245 _aQue forma tiene
942 _cK
999 _c28397
_d28397